000 01255cam a2200301 4500
008 040318n2004 000 0 eng u
020 _a1860816711
035 _a(Sirsi) u125466
041 _aeng
050 _a627.4
_c18
100 _aLauchlan, C.
110 _aBuilding Research Establishment
245 _aDrainage design for buildings with reduced water use
260 _aWatford
_bBRE
_c2004
300 _a6p.
_c30cm.
490 _aBRE Information Paper
_v1/04
520 _aThis information paper reports on a project that assess the effect of low water usage in domestic buildings on the upstream parts of the drain and sewer systems. Provides: a summary of the types and characteristics of appliances that may be used for reducing water consumption in buildings; estimates of water volumes consumed for both the present and the future; and appropriate guidance for the design of drain and sewer systems.
650 _aDRAINAGE
650 _aWATER
650 _aSUSTAINABLE DESIGN
650 _aWATER CONSERVATION
650 _aSEWERS
690 _aBUILT ENVIRONMENT-SUSTAINABLE CONSTRUCTION
700 _aGriggs, J.
700 _aEscarameia, M.
710 _aUnited Kingdom
_bDepartment of Trade and Industry
942 _n0
999 _c103396
_d103396